Architextiles / (Record no. 353104)
[ view plain ]
| 000 -LEADER | |
|---|---|
| fixed length control field | 00779 a2200241 4500 |
| 003 - CONTROL NUMBER IDENTIFIER | |
| control field | OSt |
| 005 - DATE AND TIME OF LATEST TRANSACTION | |
| control field | 20180116192356.0 |
| 008 - FIXED-LENGTH DATA ELEMENTS--GENERAL INFORMATION | |
| fixed length control field | 120606t xxu||||| |||| 00| 0 eng d |
| 020 ## - INTERNATIONAL STANDARD BOOK NUMBER | |
| International Standard Book Number | 0470026340 (pbk.) |
| 020 ## - INTERNATIONAL STANDARD BOOK NUMBER | |
| International Standard Book Number | 9780470026342 (pbk.) |
| 040 ## - CATALOGING SOURCE | |
| Transcribing agency | 0 |
| 082 ## - DEWEY DECIMAL CLASSIFICATION NUMBER | |
| Classification number | 721.044 |
| 245 00 - TITLE STATEMENT | |
| Title | Architextiles / |
| Statement of responsibility, etc. | guest-edited by Mark Garcia. |
| 260 ## - PUBLICATION, DISTRIBUTION, ETC. | |
| Place of publication, distribution, etc. | London : |
| Name of publisher, distributor, etc. | iley-Academy, |
| Date of publication, distribution, etc. | c2006. |
| 300 ## - PHYSICAL DESCRIPTION | |
| Extent | 136 p. : |
| Other physical details | ill. (chiefly col.) ; |
| Dimensions | 28 cm. |
| 490 1# - SERIES STATEMENT | |
| Series statement | Architectural design, |
| Volume/sequential designation | v. 76, no. 6 |
| International Standard Serial Number | 0003-8504 ; |
| 500 ## - GENERAL NOTE | |
| General note | "November/December 2006". |
| 650 10 - SUBJECT ADDED ENTRY--TOPICAL TERM | |
| Topical term or geographic name entry element | Textile fabrics. |
| 9 (RLIN) | 4017 |
| 650 10 - SUBJECT ADDED ENTRY--TOPICAL TERM | |
| Topical term or geographic name entry element | Textiel. |
| 9 (RLIN) | 4018 |
| 700 1# - ADDED ENTRY--PERSONAL NAME | |
| Relator code | Garcia, Mark. |
| 9 (RLIN) | 4019 |
| 942 ## - ADDED ENTRY ELEMENTS (KOHA) | |
| Institution code [OBSOLETE] | SADA |
| Koha item type | Book |
| Call number prefix | 721.044 ARC 2006 |
| Source of classification or shelving scheme | |
| Withdrawn status | Lost status | Source of classification or shelving scheme | Damaged status | Not for loan | Permanent Location | Current Location | Date acquired | Total Checkouts | Total Renewals | Full call number | Barcode | Date last seen | Date last checked out | Copy number | Cost, replacement price | Price effective from | Koha item type |
|---|---|---|---|---|---|---|---|---|---|---|---|---|---|---|---|---|---|
| School of Art Design and Architecture (SADA) | School of Art Design and Architecture (SADA) | 06/02/2011 | 1 | 1 | 721.044 ARC 2006 | SADA0001149 | 09/30/2013 | 09/11/2013 | 01 | 2595.00 | 08/05/2011 | Book | |||||
| School of Art Design and Architecture (SADA) | School of Art Design and Architecture (SADA) | 06/02/2011 | 721.044 ARC 2006 | SADA0001150 | 08/05/2011 | 02 | 2595.00 | 08/05/2011 | Book |
